00539cam a22001937a 4500003000500000005001700005008004100022010001000063011001000073035001000083040000900093110003800102245010900140260002600249300001000275490002000285650002000305830002000325CHAP20220329135313.0971013s1965 r 00010 d a34101 a35073 a39189 cCHAP aOficina Internacional del Trabajo13aEl papel de las cooperativas en el progreso económico y social de los países en vías de desarrollo aGinebra :bOIT,c1965 a44 p. 0aInforme IVv; 114aCooperativismo.0 aInforme IVv; 1